|
|
|
|
| LEADER |
00000cam a2200000 i 4500 |
| 001 |
1/12879 |
| 008 |
110408t2000 gr | ||| |||| ||gre|| |
| 020 |
|
|
|a 9604604686
|
| 035 |
|
|
|l 10109964
|
| 040 |
|
|
|a GR-MyUA
|b gre
|e AACR2
|
| 041 |
0 |
|
|a gre
|
| 082 |
7 |
|
|a 510.712
|2 (22)
|
| 100 |
1 |
|
|a Καραγεώργος, Δημήτρης Λ.
|
| 245 |
1 |
3 |
|a Το πρόβλημα και η επίλυσή του :
|b μια διδακτική προσέγγιση /
|c Δημήτρης Λ. Καραγεώργος.
|
| 260 |
|
|
|a Αθήνα :
|b Σαββάλας,
|c c2000.
|
| 300 |
|
|
|a 351 σ. :
|b εικ. ;
|c 24 εκ.
|
| 504 |
|
|
|a Βιβλιογραφία: σ. 349-351.
|
| 650 |
0 |
0 |
|a Mathematics
|x Study and teaching (Secondary)
|
| 650 |
0 |
0 |
|a Problem solving.
|
| 650 |
0 |
0 |
|a Mathematics
|x Problems, exercises, etc.
|
| 852 |
|
|
|a INST
|b RHODES
|c EUDOXUS
|e 20110408
|h 510.712 ΚΑΡ
|p 005400033051
|q 005400033051
|t EDX
|y 0
|
| 852 |
|
|
|a INST
|b RHODES
|c EUDOXUS
|e 20111121
|h 510.712 ΚΑΡ
|p 005400033826
|q 005400033826
|t EDX
|y 0
|
| 852 |
|
|
|a INST
|b SAMOS
|c EUDOXUS
|e 20160404
|h 510.712 ΚΑΡ
|p 005300043287
|q 005300043287
|t EDX
|y 23
|
| 852 |
|
|
|a INST
|b SAMOS
|c EUDOXUS
|e 20190515
|h 510.712 ΚΑΡ
|p 005300045964
|q 005300045964
|t EDX
|y 0
|
| 852 |
|
|
|a INST
|b SAMOS
|c EUDOXUS
|e 20190515
|h 510.712 ΚΑΡ
|p 005300045965
|q 005300045965
|t EDX
|y 0
|
| 901 |
|
|
|a BIBL4-2011-1
|
| 901 |
|
|
|a BIBL4-2011-3
|
| 909 |
|
|
|a Ρ
|b 163519
|
| 909 |
|
|
|a Ρ
|b 170464
|
| 920 |
|
|
|a ΕΥΔΟΞΟΣ
|b ΕΠΙΣΤΡΟΦΗ
|y Ρόδος
|z 2011-04
|
| 920 |
|
|
|a ΕΥΔΟΞΟΣ
|b ΕΠΙΣΤΡΟΦΗ
|y Ρόδος
|z 2011-11
|
| 920 |
|
|
|a Εύδοξος
|b Παραγγελία
|y Σάμος-ΤΜΑΘ
|z 2019-05
|
| 920 |
|
|
|a Παράρτημα Βιβλιοθήκης Ρόδου
|b Επιστροφή Εύδοξος
|y Σάμος
|z 2016-04
|
| 970 |
|
|
|z 2011/04/
|
| 970 |
|
|
|z 2011/11/21
|